[Event "Tourn. n9815"]
[Site "www.echecsemail.com"]
[Date "2018.06.12"]
[Round "1"]
[White "Prize64"]
[Black "Hundegana"]
[WhiteElo "2110"]
[BlackElo "2070"]
[Result "0-1"]
[Round "1"]
1.Ng1f3 f5
2.d3 g6
3.e4 d6
4.exf5 Bc8xf5
5.d4 Bf8g7
6.c3 a6
7.Nb1a3 Ng8f6
8.Bf1c4 d5
9.Bc4d3 Bf5xd3
10.Qd1xd3 Nb8c6
11.O-O O-O
12.Na3c2 Qd8d7
13.Rf1e1 Ra8e8
14.Bc1e3 Nc6a5
15.Nf3e5 Qd7f5
16.Qd3xf5 gxf5
17.f3 Na5c4
18.Ne5xc4 dxc4
19.Be3g5 Nf6d5
20.Nc2e3 Nd5xe3
21.Re1xe3 Bg7f6
22.Bg5f4 c6
 { time }
0-1

[Event "Tourn. n9841"]
[Site "www.echecsemail.com"]
[Date "2018.06.12"]
[Round "1"]
[White "Ffdd65"]
[Black "Juheset"]
[WhiteElo "2160"]
[BlackElo "2010"]
[Result "1-0"]
[Round "1"]
1.e4 Ng8f6
2.e5 Nf6d5
3.d4 c6
4.Bf1c4 f6
5.Ng1f3 d6
6.Bc4xd5 cxd5
7.Qd1e2 dxe5
8.dxe5 fxe5
9.Nf3xe5  { time }
1-0

[Event "Tourn. n9832"]
[Site "www.echecsemail.com"]
[Date "2018.06.12"]
[Round "1"]
[White "Ditto"]
[Black "Malbertan"]
[WhiteElo "1820"]
[BlackElo "2040"]
[Result "1-0"]
[Round "1"]
1.e4 e5
2.Ng1f3 Nb8c6
3.Bf1b5 a6
4.Bb5a4 Ng8f6
5.d3 b5
6.Ba4b3 Bf8c5
7.Bc1g5 O-O
8.c3 d6
9.O-O h6
10.Bg5c1 Bc8g4
11.Nb1d2 Nf6h5
12.Qd1c2 Nh5f4
13.Rf1e1 b4
14.Bb3d5 Qd8d7
15.Qc2a4 Nf4xd5
16.exd5 Nc6b8
17.Qa4b3 bxc3
18.Qb3xc3 Qd7b5
19.a3 Qb5b6
20.Re1f1 Nb8d7
21.Qc3c4 Qb6b5
22.Qc4xg4 { resign }
1-0

[Event "Tourn. n9849"]
[Site "www.echecsemail.com"]
[Date "2018.06.12"]
[Round "1"]
[White "Cathar"]
[Black "Bojan"]
[WhiteElo "2170"]
[BlackElo "1980"]
[Result "1-0"]
[Round "1"]
1.e4 e5
2.Bf1c4 d6
3.d3 h6
4.Nb1c3 c6
5.Ng1e2 Nb8d7
6.a4 Nd7b6
7.Bc4b3 Qd8f6
8.O-O Ng8e7
9.f4 Qf6g6
10.fxe5 dxe5
11.Bb3xf7 Qg6xf7
12.Rf1xf7 Kxf7
13.Ne2g3 g6
14.Qd1f3 Kg7
15.Bc1e3 Ne7g8
16.Ra1f1 Bc8e6
17.a5 Nb6d7
18.d4 Bf8e7
19.d5 Ra8f8
20.Qf3e2 cxd5
21.exd5 Be6f7
22.Ng3e4 a6
23.Qe2c4 Ng8f6
24.Ne4xf6 Nd7xf6
25.Qc4c7 Be7b4
26.Qc7xe5 Bf7e8
27.Nc3e4 Be8b5
28.Rf1xf6 { resign }
1-0

[Event "Match"]
[Site "www.echecsemail.com"]
[Date "2018.06.12"]
[Round "1"]
[White "Gegonz"]
[Black "Juheset"]
[WhiteElo "2160"]
[BlackElo "1990"]
[Result "1-0"]
[Round "1"]
1.e4 c5
2.Ng1f3 Nb8c6
3.d4 cxd4
4.Nf3xd4 Nc6xd4
5.Qd1xd4 e6
6.Nb1c3 Qd8a5
7.Bc1d2 Qa5b6
8.Qd4xb6 axb6
9.Nc3b5 Kd8
10.Bd2f4 Ng8f6
11.Bf4c7  { time }
1-0

[Event "Match"]
[Site "www.echecsemail.com"]
[Date "2018.06.12"]
[Round "1"]
[White "Juheset"]
[Black "Guidom"]
[WhiteElo "1990"]
[BlackElo "2110"]
[Result "0-1"]
[Round "1"]
1.e3 d5
2.d4 c6
3.Ng1f3 Ng8f6
4.c3 Bc8g4
5.h3 Bg4h5
6.g4 Bh5g6
7.Bf1d3 Nb8d7
8.Bd3xg6 hxg6
9.Nb1d2 Nf6xg4
10.Nf3g5 Ng4f6
11.f4 e6
12.Nd2f3 Bf8e7
13.Nf3e5 Nd7xe5
14.dxe5 Nf6d7
15.Qd1g4 Be7xg5
 { time }
0-1

[Event "Match"]
[Site "www.echecsemail.com"]
[Date "2018.06.12"]
[Round "1"]
[White "Whitekknight"]
[Black "Juheset"]
[WhiteElo "1880"]
[BlackElo "1990"]
[Result "1-0"]
[Round "1"]
1.e4 c6
2.d4 e6
3.c4 d5
4.cxd5 exd5
5.e5 Bc8f5
6.Bf1d3 Bf5xd3
7.Qd1xd3 Nb8d7
8.Ng1f3 c5
9.O-O c4
10.Qd3c2 a6
11.Nb1c3 b5
12.Nc3xd5 Ng8e7
13.Bc1g5  { time }
1-0

[Event "Tourn. n9847"]
[Site "www.echecsemail.com"]
[Date "2018.06.12"]
[Round "1"]
[White "Gegonz"]
[Black "Juheset"]
[WhiteElo "2140"]
[BlackElo "1990"]
[Result "1-0"]
[Round "1"]
1.e4 d5
2.exd5 Qd8xd5
3.Nb1c3 Qd5d8
4.d4 Bc8f5
5.Ng1f3 c5
6.Bf1b5 Nb8c6
7.Nf3e5 Qd8c7
8.Qd1f3  { time }
1-0

[Event "Tourn. n9810"]
[Site "www.echecsemail.com"]
[Date "2018.06.12"]
[Round "1"]
[White "Prize64"]
[Black "Welberth"]
[WhiteElo "2080"]
[BlackElo "2000"]
[Result "0-1"]
[Round "1"]
1.Ng1f3 Ng8f6
2.c4 g6
3.b3 Bf8g7
4.Bc1b2 O-O
5.d4 d5
6.e3 Bc8g4
7.Nb1d2 Nb8d7
8.Bf1d3 dxc4
9.Bd3xc4 Rf8e8
10.O-O e5
11.h3 Bg4xf3
12.Nd2xf3 exd4
13.Nf3xd4 Nd7e5
14.Bc4e2 Qd8e7
15.Ra1c1 Ra8d8
16.Qd1c2 c6
17.Rf1d1 Nf6d5
18.a3 Qe7g5
19.Nd4f3 Ne5xf3
20.Be2xf3 Re8e6
 { time }
0-1

[Event "Tourn. n9810"]
[Site "www.echecsemail.com"]
[Date "2018.06.12"]
[Round "1"]
[White "Odin"]
[Black "Prize64"]
[WhiteElo "1810"]
[BlackElo "2080"]
[Result "1-0"]
[Round "1"]
1.d4 Ng8f6
2.Nb1c3 d5
3.f3 Bc8f5
4.Bc1g5 Nb8d7
5.e3 e6
6.Bf1b5 c6
7.Bb5a4 h6
8.Bg5h4 Qd8a5
9.Ng1e2 Bf8b4
10.a3 Qa5xa4
11.axb4 Qa4xb4
12.Ra1b1 g5
13.Bh4f2 e5
14.e4 dxe4
15.O-O exf3
16.Ne2g3 fxg2
17.Ng3xf5 gxf1Q
18.Qd1xf1 O-O-O
19.dxe5  { time }
1-0

[Event "Tourn. n9841"]
[Site "www.echecsemail.com"]
[Date "2018.06.12"]
[Round "1"]
[White "Bojan"]
[Black "Juheset"]
[WhiteElo "2010"]
[BlackElo "2010"]
[Result "1-0"]
[Round "1"]
1.e4 c5
2.a3 d5
3.exd5 Qd8xd5
4.Qd1f3 Qd5xf3
5.Ng1xf3 Nb8c6
6.c3 Bc8f5
7.Bf1c4 Ng8f6
8.O-O e6
9.d3 Bf8d6
10.Nf3h4 Bf5g4
11.f3 Bg4h5
12.h3  { time }
1-0

[Event "Tourn. n9847"]
[Site "www.echecsemail.com"]
[Date "2018.06.12"]
[Round "1"]
[White "Prize64"]
[Black "Mitja"]
[WhiteElo "2170"]
[BlackElo "2030"]
[Result "0-1"]
[Round "1"]
1.Ng1f3 d5
2.c4 dxc4
3.e3 e6
4.Bf1xc4 c6
5.d4 h6
6.O-O Ng8f6
7.Nb1c3 Bf8d6
8.e4 Bd6c7
9.h3 b6
 { time }
0-1

[Event "Tourn. n9815"]
[Site "www.echecsemail.com"]
[Date "2018.06.12"]
[Round "1"]
[White "Andychesston"]
[Black "Prize64"]
[WhiteElo "2080"]
[BlackElo "2100"]
[Result "1-0"]
[Round "1"]
1.e4 c5
2.Ng1f3 e6
3.d4 cxd4
4.Nf3xd4 Nb8c6
5.Bc1f4 Ng8f6
6.Nb1c3 a6
7.a3 Bf8c5
8.Nd4xc6 bxc6
9.b4 Bc5e7
10.Bf4d6 Be7xd6
11.Qd1xd6 Qd8e7
12.e5 Qe7xd6
13.exd6 O-O
14.Bf1d3 Bc8b7
15.O-O Nf6e8
16.Nc3e4 f5
17.Ne4c5 Bb7c8
18.f3 Ne8xd6
19.Ra1e1 a5
20.c3 axb4
21.axb4 Nd6b7
22.Nc5a6  { time }
1-0

[Event "Tourn. n9813"]
[Site "www.echecsemail.com"]
[Date "2018.06.12"]
[Round "1"]
[White "Reda"]
[Black "Prize64"]
[WhiteElo "1800"]
[BlackElo "2100"]
[Result "1-0"]
[Round "1"]
1.d4 c5
2.dxc5 e6
3.Ng1f3 Bf8xc5
4.Bc1f4 Qd8b6
5.Bf4e3 Bc5xe3
6.fxe3 Qb6xe3
7.Qd1d3 Qe3c1
8.Qd3d1 Qc1xb2
9.Nb1d2 Nb8c6
10.Qd1c1 Qb2xc1
11.Ra1xc1 Ng8f6
12.e4 d5
13.exd5 Nf6xd5
14.Bf1b5 Bc8d7
15.O-O Nd5c3
16.Rf1e1 Nc3xb5
17.Rc1b1 Nb5d6
18.c4 b6
19.Rb1c1 O-O
20.a4 Nc6b4
21.Nf3e5 Bd7xa4
22.Rc1b1  { time }
1-0

[Event "Fast Game"]
[Site "www.echecsemail.com"]
[Date "2018.06.12"]
[Round "1"]
[White "Coolant"]
[Black "Cal"]
[WhiteElo "1719"]
[BlackElo "1640"]
[Result "1-0"]
[Round "1"]
1.Nb1c3 e5
2.Ng1f3 Nb8c6
3.e4 a6
4.d4 exd4
5.Nf3xd4 Nc6e5
6.f4 Ne5g6
7.Qd1f3 c5
8.Nd4f5 d6
9.Bc1e3 Bc8xf5
10.exf5 Ng6h4
11.Qf3xb7 Ng8f6
12.Bf1xa6 Bf8e7
13.Ba6b5 Kf8
14.O-O-O g6
15.fxg6 Nh4xg6
16.f5 Ng6e5
17.Be3h6 Kg8
18.g4 Ra8b8
19.Qb7g2 c4
20.Rh1e1 Qd8a5
21.a4 Nf6xg4
22.h3 Rb8xb5
23.axb5 Be7h4
24.Re1xe5 dxe5
25.Qg2xg4 Bh4g5
26.Qg4xg5 { resign }
1-0

[Event "Fast Game"]
[Site "www.echecsemail.com"]
[Date "2018.06.12"]
[Round "1"]
[White "Alekpax"]
[Black "J1j6"]
[WhiteElo "1599"]
[BlackElo "1599"]
[Result "1-0"]
[Round "1"]
1.e4 c6
2.d4 e5
3.dxe5 Qd8a5
4.Nb1c3 Qa5xe5
5.Ng1f3 Qe5c7
6.Qd1d4 Ng8f6
7.e5 c5
8.Qd4f4 Nf6h5
9.Qf4e3 g6
10.Nc3b5 Qc7a5
11.Bc1d2 Qa5b6
12.Nb5d6 Bf8xd6
13.exd6 Kd8
14.Qe3e7 { resign }
1-0

[Event "Tourn. n9770"]
[Site "www.chess-mail.com"]
[Date "2018.06.13"]
[Round "1"]
[White "Jopesilo"]
[Black "Aperturaf"]
[WhiteElo "2400"]
[BlackElo "2730"]
[Result "0-1"]
[Round "1"]
1.e4 e6
2.d4 d5
3.Nb1d2 Ng8f6
4.e5 Nf6d7
5.Bf1d3 c5
6.c3 Nb8c6
7.Ng1e2 cxd4
8.cxd4 f6
9.exf6 Nd7xf6
10.O-O Bf8d6
11.Nd2f3 O-O
12.Bc1f4 Bd6xf4
13.Ne2xf4 Nf6e4
14.Qd1c1 Ne4g5
15.Nf3xg5 Qd8xg5
16.Nf4e2 Qg5f6
17.Qc1e3 Bc8d7
18.Bd3b5 Ra8e8
19.Bb5xc6 Bd7xc6
20.Ne2c3 e5
21.dxe5 Re8xe5
22.Qe3d4 Re5g5
23.Qd4xf6 Rf8xf6
24.f4 Rg5g4
25.g3 d4
26.Nc3d1 h5
27.Nd1f2 Rg4xf4
28.gxf4 Rf6g6
29.Nf2g4 Rg6xg4
30.Kf2 Rg4g2
31.Ke1 Bc6b5
32.Rf1h1 d3
33.b3 Bb5c6
34.Rh1f1 Rg2e2
35.Kd1 Re2xh2
36.Kc1 Rh2c2
37.Kb1 h4
38.Rf1d1 Rc2f2
39.Kc1 h3
40.Rd1xd3 h2
{ resign }
0-1

[Event "Tourn. n9766"]
[Site "www.chess-mail.com"]
[Date "2018.06.13"]
[Round "1"]
[White "Prize64"]
[Black "Ff333"]
[WhiteElo "2130"]
[BlackElo "2050"]
[Result "0-1"]
[Round "1"]
1.e4 e5
2.Ng1f3 Nb8c6
3.Bf1c4 h6
4.c3 Ng8f6
5.d3 Bf8c5
6.O-O O-O
7.h3 a6
8.Bc4b3 d6
9.Nb1d2 Bc8d7
10.Rf1e1 Nf6h7
11.Nd2f1 Qd8f6
12.Nf1g3 Qf6g6
13.d4 Bc5b6
14.Bc1e3 exd4
15.cxd4 Nc6a5
16.Bb3c2 Na5c4
17.Be3c1 Bb6a5
18.Re1f1 Ba5b6
19.b3 Nc4a5
20.Bc1b2 f6
21.e5 Qg6f7
22.Qd1d3 f5
23.b4 Bd7b5
24.Qd3e3 Na5c4
25.Qe3c1 Nc4xb2
26.Qc1xb2 Bb5xf1
27.Ra1xf1 Kh8
28.Bc2xf5 Qf7d5
29.Bf5e4 Qd5b5
30.Qb2c2 Nh7g5
31.Nf3xg5 hxg5
 { time }
0-1

[Event "Tourn. n9770"]
[Site "www.chess-mail.com"]
[Date "2018.06.13"]
[Round "1"]
[White "Tartan"]
[Black "Jopesilo"]
[WhiteElo "2520"]
[BlackElo "2400"]
[Result "1-0"]
[Round "1"]
1.d4 Ng8f6
2.c4 e6
3.Nb1c3 d5
4.Bc1g5 Nb8d7
5.cxd5 exd5
6.e3 Bf8e7
7.Bf1d3 O-O
8.Ng1f3 c6
9.O-O Rf8e8
10.Qd1c2 Nd7f8
11.a3 Nf6g4
12.Bg5xe7 Qd8xe7
13.Rf1e1 Ng4f6
14.e4 Qe7d8
15.Qc2b3 dxe4
16.Nc3xe4 Nf8e6
17.Ne4xf6 Qd8xf6
18.Re1e5 g6
19.Ra1e1 b6
20.Bd3c4 Bc8d7
21.Re5e4 b5
22.Bc4xe6 Re8xe6
23.Nf3e5 Re6d6
24.Qb3c3 Kg7
25.Re4e2 Bd7e6
26.b4 Be6d5
27.Ne5g4 Qf6g5
28.f3 Rd6e6
29.Re2xe6 fxe6
30.Re1e2 Qg5f4
31.Ng4e3 Qf4d6
32.Ne3g4 Bd5c4
33.d5 e5
34.Re2xe5 { resign }
1-0

[Event "Tourn. n9767"]
[Site "www.chess-mail.com"]
[Date "2018.06.13"]
[Round "1"]
[White "Esperanza"]
[Black "Attatroll"]
[WhiteElo "2080"]
[BlackElo "2010"]
[Result "1-0"]
[Round "1"]
1.d4 Ng8f6
2.c4 g6
3.Nb1c3 Bf8g7
4.e4 O-O
5.h3 d6
6.Bc1g5 h6
7.Bg5e3 c6
8.Qd1d2 Nb8d7
9.Bf1d3 e5
10.d5 c5
11.Be3xh6 a6
12.Bh6xg7 Kxg7
13.Ng1e2 Rf8h8
14.O-O-O Qd8a5
15.Kb1 Nd7b6
16.g4 Nb6a4
17.Nc3xa4 Qa5xa4
18.f3 Bc8d7
19.h4 b5
20.b3 Qa4a3
21.Qd2b2 Qa3xb2
22.Kxb2 Rh8b8
23.h5 gxh5
24.g5 Nf6h7
25.Rh1xh5 Kg6
26.Rh5h6 Kg7
27.Rh6xd6 bxc4
28.Bd3xc4 Bd7b5
29.Bc4xb5 axb5
30.g6 fxg6
31.Rd1g1 Nh7f8
32.f4 c4
33.fxe5 cxb3
34.axb3 b4
35.Ne2f4 g5
36.Rg1xg5 Kf7
37.e6 Ke7
38.Rd6c6 { resign }
1-0

[Event "Tourn. n9794"]
[Site "www.chess-mail.com"]
[Date "2018.06.13"]
[Round "1"]
[White "Prize64"]
[Black "Fantomas"]
[WhiteElo "2110"]
[BlackElo "2140"]
[Result "0-1"]
[Round "1"]
1.Ng1f3 Nb8c6
2.d4 d5
3.g3 h6
4.Bf1g2 Bc8f5
5.a3 Ng8f6
6.O-O e6
7.b3 Bf8d6
8.Bc1b2 Qd8d7
9.Nb1d2 O-O-O
10.Nf3e5 Qd7e8
11.e3 Nc6e7
12.c4 Nf6d7
13.Ne5xd7 Qe8xd7
14.c5 f6
15.cxd6 Qd7xd6
16.Qd1e2 h5
17.h4 g5
18.Nd2f3 Rd8g8
19.a4 Bf5g4
20.Bb2a3 Qd6d7
21.Qe2b5 Qd7xb5
22.axb5 Ne7f5
23.hxg5 fxg5
24.Nf3e5 Bg4e2
25.Rf1e1 Be2xb5
26.Bg2h3 g4
27.Bh3g2 h4
28.gxh4 Rh8xh4
29.Ba3c5 b6
30.Bc5b4 a5
31.Bb4d2 g3
32.f4 Rh4h2
33.Ra1a2 Nf5h4
34.Bd2c3 Kb7
35.Ra2b2 Nh4f5
36.e4 Nf5e7
37.exd5 exd5
 { time }
0-1

[Event "Tourn. n9774"]
[Site "www.chess-mail.com"]
[Date "2018.06.13"]
[Round "1"]
[White "Drawlward"]
[Black "Gvladutz"]
[WhiteElo "2550"]
[BlackElo "2540"]
[Result "1-0"]
[Round "1"]
1.e4 e6
2.d4 d5
3.Nb1c3 Ng8f6
4.Bc1g5 Bf8e7
5.e5 Nf6d7
6.Bg5xe7 Qd8xe7
7.f4 a6
8.Ng1f3 c5
9.dxc5 Nb8c6
10.Qd1d2 Qe7xc5
11.Bf1d3 b5
12.a3 Bc8b7
13.Qd2f2 Qc5xf2
14.Kxf2 O-O
15.Rh1e1 Ra8b8
16.Nc3e2 f6
17.exf6 Rf8xf6
18.Kg1 Rb8e8
19.Ne2d4 Nc6xd4
20.Nf3xd4 g6
21.Re1e2 e5
22.fxe5 Re8xe5
23.Ra1e1 Re5xe2
24.Re1xe2 Kf7
25.Nd4f3 Rf6d6
26.Nf3g5 Kg7
27.Kf2 h6
28.Ng5f3 Kf6
29.Ke3 Nd7e5
30.Nf3xe5 Kxe5
31.Kd2 Kf6
32.Kc3 Kf7
33.Kd4 Rd6f6
34.g3 Bb7a8
35.Kc5 Rf6c6
36.Kb4 Ba8b7
37.Re2e5 Rc6c8
38.Ka5 Kf6
39.Re5e1 Rc8c6
40.c3 Kf7
41.Bd3f1 Bb7c8
42.Bf1g2 Rc6d6
43.Re1d1 Bc8e6
44.Kb4 Rd6d8
45.Kc5 Ke7
46.Bg2xd5 Be6xd5
47.Rd1xd5 Rd8f8
48.Kb6 Rf8f2
49.b4 Rf2xh2
50.Kxa6 Rh2h3
51.Kxb5 Rh3xg3
52.a4 Rg3xc3
53.a5 g5
54.a6 g4
55.a7 Rc3a3
56.Kb6 g3
57.Kb7 Ke6
58.Rd5d1 Kf5
59.a8Q Ra3xa8
60.Kxa8 Kg4
61.b5 Kf3
62.b6 Ke2
63.Rd1a1 g2
64.b7 { resign }
1-0

[Event "Tourn. n9788"]
[Site "www.chess-mail.com"]
[Date "2018.06.13"]
[Round "1"]
[White "Ssharp"]
[Black "Prize64"]
[WhiteElo "2180"]
[BlackElo "2150"]
[Result "1-0"]
[Round "1"]
1.e4 c5
2.Ng1f3 e6
3.Nb1c3 Nb8c6
4.Bf1c4 Qd8c7
5.O-O a6
6.h3 Ng8f6
7.Rf1e1 d6
8.Bc4f1 Bf8e7
9.d3 O-O
10.Bc1f4 Nc6e5
11.Bf4xe5 dxe5
12.Nc3e2 b5
13.Ne2g3 Bc8b7
14.Qd1c1 Ra8c8
15.b3 c4
16.bxc4 bxc4
17.Qc1b2 c3
18.Qb2c1 Be7c5
19.Bf1e2 Rf8d8
20.Qc1g5  { time }
1-0

[Event "Tourn. n9788"]
[Site "www.chess-mail.com"]
[Date "2018.06.13"]
[Round "1"]
[White "Prize64"]
[Black "Hundegana"]
[WhiteElo "2100"]
[BlackElo "2040"]
[Result "0-1"]
[Round "1"]
1.Ng1f3 Ng8f6
2.c4 c5
3.b3 d6
4.Bc1b2 e5
5.d3 Bf8e7
6.Nb1d2 Nb8c6
7.g3 O-O
8.Bf1g2 h6
9.O-O Nf6h7
10.e3 f5
11.Qd1e2 Be7f6
12.Nf3e1 e4
13.Bb2xf6 Qd8xf6
14.Ne1c2 a6
15.dxe4 fxe4
16.Nd2xe4 Qf6e7
17.Ra1d1 Rf8d8
18.a3 Bc8f5
19.Ne4c3 Nh7f6
20.Nc3d5 Nf6xd5
21.Bg2xd5 Kh8
22.Bd5xc6 bxc6
23.f3 Rd8e8
24.e4 Bf5h3
25.Rf1e1 Ra8d8
26.Nc2e3 h5
27.Qe2d3 Qe7f6
28.Ne3c2 g6
29.Qd3e3 Kh7
30.Qe3f2 a5
31.f4 Rd8b8
32.Rd1d3 Qf6b2
33.Rd3xd6 Qb2xb3
34.Nc2e3 Qb3xa3
 { time }
0-1

[Event "Tourn. n9784"]
[Site "www.chess-mail.com"]
[Date "2018.06.13"]
[Round "1"]
[White "Gegonz"]
[Black "Julian"]
[WhiteElo "2010"]
[BlackElo "1870"]
[Result "1-0"]
[Round "1"]
1.d4 d5
2.c4 c6
3.Nb1c3 dxc4
4.e4 b5
5.a4 b4
6.Nc3a2 e6
7.Bf1xc4 a5
8.Bc1f4 Ng8f6
9.f3 Bc8a6
10.Bc4xa6 Nb8xa6
11.Ng1e2 Nf6h5
12.O-O Nh5xf4
13.Ne2xf4 Qd8g5
14.g3 Bf8d6
15.e5 Bd6c7
16.b3 O-O
17.Qd1c1 Bc7b6
18.Qc1e3 Ra8d8
19.Rf1d1 Na6c7
20.Ra1c1 Nc7a8
21.Rc1xc6 h5
22.Na2c1 Rd8d7
23.Kg2 h4
24.Qe3e4 hxg3
25.hxg3 f5
26.Qe4c2 Rd7xd4
27.Nf4xe6 Qg5e3
28.Ne6xd4 Bb6xd4
29.Qc2c4 Kh7
30.Rd1h1 Qe3h6
31.Rh1xh6 gxh6
32.Qc4xd4 { resign }
1-0

[Event "Tourn. n9779"]
[Site "www.chess-mail.com"]
[Date "2018.06.13"]
[Round "1"]
[White "Mitja"]
[Black "Prize64"]
[WhiteElo "2010"]
[BlackElo "2130"]
[Result "1-0"]
[Round "1"]
1.d4 Ng8f6
2.e3 c5
3.dxc5 e6
4.c3 Bf8xc5
5.h3 O-O
6.Bf1e2 d5
7.Ng1f3 Nb8c6
8.Nb1d2 b6
9.Nd2b3 Bc5d6
10.Nb3d4 Bc8d7
11.Nd4xc6 Bd7xc6
12.Nf3d4 Bc6b7
13.b3 Nf6e4
14.O-O Ne4xc3
15.Qd1d3 Nc3xe2
16.Qd3xe2 a6
17.Bc1b2 Qd8e7
18.f4 f6
19.Nd4f3 Bd6c5
20.Ra1d1 Ra8d8
21.Kh1 Qe7f7
22.Bb2d4 Qf7c7
23.Bd4xc5 bxc5
24.Rd1c1 Qc7d6
25.a4 a5
26.Rf1d1 Bb7a6
27.Qe2c2 Rd8c8
28.Nf3d2 Qd6b6
29.Nd2f1 Ba6xf1
30.Rd1xf1 c4
31.bxc4 Rc8xc4
32.Qc2d2 Rf8c8
33.Rc1xc4 Rc8xc4
34.Rf1c1 Rc4xa4
35.Qd2c3 Ra4c4
36.Qc3a3 Qb6b4
37.Qa3a1 Qb4d2
38.Rc1xc4 dxc4
39.Qa1a4 h6
40.Qa4xc4 Qd2d1
41.Kh2  { time }
1-0

[Event "Tourn. n9847"]
[Site "www.echecsemail.com"]
[Date "2018.06.13"]
[Round "1"]
[White "Bojan"]
[Black "Prize64"]
[WhiteElo "2000"]
[BlackElo "2170"]
[Result "1-0"]
[Round "1"]
1.e4 c5
2.d4 cxd4
3.Qd1xd4 Nb8c6
4.Qd4d2 Ng8f6
5.Bf1d3 e6
6.Ng1f3 Qd8c7
7.c3 a6
8.Qd2e2  { time }
1-0

[Event "Match"]
[Site "www.echecsemail.com"]
[Date "2018.06.13"]
[Round "1"]
[White "Gidgud"]
[Black "Fangshuo"]
[WhiteElo "2109"]
[BlackElo "2160"]
[Result "1-0"]
[Round "1"]
1.e4 e6
2.d4 d5
3.Nb1c3 Bf8b4
4.e5 c5
5.a3 Bb4xc3
6.bxc3 Qd8a5
7.Bc1d2 cxd4
8.cxd4 Qa5b6
9.Ng1f3 Nb8c6
10.Ra1b1 Qb6c7
11.Bf1d3 Ng8e7
12.O-O Ne7f5
13.c3 O-O
14.g4 Nf5e7
15.Nf3g5 f5
16.exf6 Rf8xf6
17.Ng5xh7 Rf6f7
18.g5 g6
19.Nh7f6 Kf8
20.Nf6g4 e5
21.Ng4h6 Rf7h7
22.Qd1f3 Ne7f5
23.Bd3xf5 Bc8xf5
24.Qf3xd5 Nc6e7
25.Qd5xb7 Qc7d8
26.Nh6xf5 gxf5
27.g6 Rh7h8
28.Bd2g5 Rh8g8
29.Bg5xe7 Qd8xe7
30.Qb7xa8 Kg7
31.Qa8g2 { resign }
1-0

[Event "Match"]
[Site "www.echecsemail.com"]
[Date "2018.06.13"]
[Round "1"]
[White "Fegatux"]
[Black "Mdesouza"]
[WhiteElo "2320"]
[BlackElo "2310"]
[Result "1-0"]
[Round "1"]
1.d4 Ng8f6
2.c4 e6
3.g3 d5
4.Bf1g2 dxc4
5.Ng1f3 Bf8e7
6.O-O O-O
7.Qd1c2 a6
8.a4 c6
9.Rf1d1 Nb8d7
10.Qc2xc4 Qd8c7
11.e3 Ra8b8
12.Nb1c3 c5
13.a5 b5
14.axb6 Nd7xb6
15.Qc4e2 Bc8b7
16.Bc1d2 Rf8d8
17.Ra1c1 Qc7d6
18.Bd2e1 c4
19.e4 Qd6b4
20.Nc3d5 Qb4d6
21.Be1b4 Qd6xb4
22.Nd5xb4 Be7xb4
23.Nf3e5 Rb8c8
24.Ne5xc4 Nb6a8
25.e5 Nf6d5
26.Nc4d6 { resign }
1-0

[Event "Tourn. n9813"]
[Site "www.echecsemail.com"]
[Date "2018.06.13"]
[Round "1"]
[White "Estonia"]
[Black "Prize64"]
[WhiteElo "1990"]
[BlackElo "2110"]
[Result "1-0"]
[Round "1"]
1.c4 Ng8f6
2.Nb1c3 g6
3.Ng1f3 Bf8g7
4.d4 d6
5.Bc1g5 O-O
6.e3 Bc8g4
7.h3 Bg4xf3
8.Qd1xf3 c6
9.Bf1d3 Nb8d7
10.O-O Qd8c7
11.Nc3e4 Nf6xe4
12.Bd3xe4 Nd7f6
13.Ra1c1 Qc7a5
14.Bg5xf6 Bg7xf6
15.a3 Qa5c7
16.b4 Ra8b8
17.c5 d5
18.Be4b1 Kg7
19.a4 e5
20.e4 dxe4
21.Bb1xe4 exd4
22.Rf1d1 Rb8d8
23.b5 Bf6g5
24.Rc1c4 f5
25.Be4b1  { time }
1-0

[Event "Tourn. n9807"]
[Site "www.echecsemail.com"]
[Date "2018.06.13"]
[Round "1"]
[White "Asoka"]
[Black "Krystek23"]
[WhiteElo "2680"]
[BlackElo "2520"]
[Result "1-0"]
[Round "1"]
1.c4 Ng8f6
2.d4 g6
3.Nb1c3 Bf8g7
4.e4 d6
5.Ng1f3 Nb8d7
6.Bf1d3 O-O
7.h3 e5
8.d5 c6
9.O-O Nd7c5
10.Bd3c2 cxd5
11.cxd5 Bc8d7
12.b4 Nc5a6
13.a3 Ra8c8
14.Bc1d2 Na6c7
15.Rf1e1 a6
16.a4 a5
17.bxa5 Nc7a6
18.Nc3b5 Qd8e7
19.Ra1b1 Na6c5
20.Bd2b4 Nf6e8
21.Re1e3 Ne8f6
22.Nb5a7 Rc8b8
23.Bb4xc5 dxc5
24.Rb1b6 c4
25.Qd1b1 Bg7h6
26.Re3e1 Rb8e8
27.Rb6xb7 Qe7c5
28.Qb1b6 Qc5e7
29.Na7b5 Re8a8
30.a6 Nf6e8
31.a7 Kg7
32.Rb7b8 Qe7f6
33.a5 Ra8xa7
34.Nb5xa7 Ne8d6
35.Rb8xf8 Kxf8
36.Qb6b8 Kg7
37.Re1b1 c3
38.Rb1b6 Qf6f4
39.Qb8xd6 Qf4c1
40.Kh2 Bh6f4
41.g3 Bd7e6
42.gxf4 Qc1xf4
43.Kg1 Be6xh3
44.Qd6xe5 Qf4xe5
45.Nf3xe5 f6
46.Ne5f3 Bh3g4
47.Nf3d4 h5
48.f3 Bg4d7
49.Rb6b7 { resign }
1-0

[Event "Match"]
[Site "www.echecsemail.com"]
[Date "2018.06.13"]
[Round "1"]
[White "Gidi5"]
[Black "Mdesouza"]
[WhiteElo "2270"]
[BlackElo "2330"]
[Result "0-1"]
[Round "1"]
1.e4 e6
2.d4 d5
3.Nb1c3 Ng8f6
4.Bc1g5 Bf8e7
5.e5 Nf6d7
6.Bg5xe7 Qd8xe7
7.a3 b6
8.Ng1f3 Bc8a6
9.Bf1xa6 Nb8xa6
10.O-O O-O
11.Qd1e2 Na6b8
12.Nc3d1 c5
13.c3 Nb8c6
14.Nd1e3 f6
15.Ra1e1 fxe5
16.dxe5 Rf8f4
17.Qe2d2 Ra8f8
18.Ne3xd5 exd5
19.Qd2xd5 Qe7f7
20.e6 Qf7f5
21.Qd5xf5 Rf4xf5
22.exd7 Rf8d8
23.Re1e6 Rf5f6
24.Re6xf6 gxf6
25.Rf1d1 Kf7
26.Kf1 Ke6
27.Ke2 Nc6a5
28.a4 Na5c4
29.b3 Nc4a5
30.b4 Na5b7
31.Ke3 Nb7d6
32.Nf3d2 cxb4
33.cxb4 Rd8xd7
34.g4 Nd6c4
35.Ke2 Rd7d4
36.h3 Nc4xd2
37.Rd1xd2 Rd4xb4
38.Rd2a2 a5
39.Ra2a3 Kd5
40.Kd3 f5
41.f3 Ke5
42.Ke3 h6
43.Kf2 Kf4
44.Ke2 h5
45.gxh5 Kg5
46.Kf2 f4
47.h6 Kxh6
48.Ra3c3 Kg5
49.Rc3c6 Rb4b2
50.Ke1 Kh4
51.Rc6h6 Kg3
52.h4 Kxf3
53.h5 b5
54.Rh6b6 Rb2e2
55.Kd1 bxa4
56.h6 Re2h2
57.Rb6a6 a3
 { time }
0-1

[Event "Tourn. n9802"]
[Site "www.echecsemail.com"]
[Date "2018.06.13"]
[Round "1"]
[White "Tonino1"]
[Black "Prize64"]
[WhiteElo "1950"]
[BlackElo "2050"]
[Result "0-1"]
[Round "1"]
1.d4 Ng8f6
2.g4 Nf6xg4
3.e4 d5
4.e5 c5
5.c3 f6
6.h3 Ng4xf2
7.Kxf2 cxd4
8.cxd4 Nb8c6
9.Ng1f3 fxe5
10.dxe5 Qd8b6
11.Kg2 d4
12.Bf1d3 Bc8d7
13.Rh1f1 Bd7e6
14.b3 Be6d5
15.Qd1e2 e6
16.Bc1f4 Bf8e7
17.Nb1d2 O-O
18.Nd2e4 Rf8xf4
19.Ne4d6 Be7xd6
20.exd6 Ra8f8
 { time }
0-1

[Event "Tourn. n9815"]
[Site "www.echecsemail.com"]
[Date "2018.06.13"]
[Round "1"]
[White "Prize64"]
[Black "Bojan"]
[WhiteElo "2100"]
[BlackElo "2040"]
[Result "0-1"]
[Round "1"]
1.Ng1f3 Nb8c6
2.d4 e6
3.c4 h6
4.g3 a6
5.b3 d5
6.Bf1g2 Ng8f6
7.Bc1b2 Bf8e7
8.O-O Nc6a7
9.Nb1d2 b6
10.cxd5 Nf6xd5
11.e4 Nd5f6
12.Qd1c2 Bc8b7
13.Rf1e1 Nf6h7
14.Ra1c1 Ra8c8
15.Qc2b1 f6
16.e5 Qd8d5
17.Nf3h4 Qd5a5
18.Nd2c4 Qa5b5
19.Bg2xb7 Rc8d8
20.Nh4g6 Rh8g8
21.Ng6xe7 Kxe7
22.Qb1xh7 f5
23.Bb2a3 Kf7
24.d5 Rd8xd5
 { time }
0-1

[Event "Tourn. n9812"]
[Site "www.echecsemail.com"]
[Date "2018.06.13"]
[Round "1"]
[White "Prize64"]
[Black "Fantomas"]
[WhiteElo "2090"]
[BlackElo "2190"]
[Result "0-1"]
[Round "1"]
1.Ng1f3 d5
2.c4 d4
3.b4 g6
4.g3 Bf8g7
5.d3 e5
6.Bf1g2 c6
7.O-O Nb8d7
8.Bc1b2 Ng8h6
9.Qd1c2 O-O
10.e3 dxe3
11.fxe3 Nh6f5
12.Rf1e1 Qd8b6
13.Qc2d2 Bg7h6
14.c5 Qb6c7
15.Qd2f2 Bh6g7
16.Nb1a3 Rf8e8
17.Na3c4 f6
18.Nc4d6 Nf5xd6
19.cxd6 Qc7xd6
20.Qf2d2 Nd7b6
21.a4 Bc8e6
22.a5 Nb6d5
23.Ra1b1 Ra8d8
24.Bb2a3 Qd6d7
25.Rb1d1 Nd5c7
26.Qd2c2 Qd7f7
27.Nf3d2 Nc7b5
28.Ba3b2 a6
 { time }
0-1

[Event "Tourn. n9840"]
[Site "www.echecsemail.com"]
[Date "2018.06.13"]
[Round "1"]
[White "Bojan"]
[Black "Juheset"]
[WhiteElo "2010"]
[BlackElo "2010"]
[Result "1-0"]
[Round "1"]
1.b4 d5
2.Bc1b2 Bc8f5
3.a3 c6
4.e3 Nb8d7
5.c4 Ng8f6
6.Ng1f3 dxc4
7.Bf1xc4 e6
8.d3 b5
9.Bc4b3 Nd7b6
10.Bb3c2 Nb6a4
11.Bb2e5 Nf6d5
12.Bc2xa4 bxa4
13.e4 Bf5g4
14.Nb1d2  { time }
1-0

[Event "Tourn. n9813"]
[Site "www.echecsemail.com"]
[Date "2018.06.13"]
[Round "1"]
[White "Prize64"]
[Black "Hundegana"]
[WhiteElo "2110"]
[BlackElo "2070"]
[Result "0-1"]
[Round "1"]
1.Ng1f3 c5
2.c4 e6
3.g3 b6
4.Bf1g2 Bc8b7
5.O-O Ng8e7
6.b3 g6
7.Bc1b2 f6
8.Bb2xf6 Rh8g8
9.d4 Bf8g7
10.Bf6xg7 Rg8xg7
11.dxc5 bxc5
12.Nb1c3 Ne7f5
13.Nc3b5 a6
14.Nb5d6 Nf5xd6
15.Qd1xd6 Qd8e7
16.Ra1d1 Qe7xd6
17.Rd1xd6 Ke7
18.Rf1d1 Ra8a7
19.Nf3e5 Bb7xg2
20.Kxg2 h5
21.f4 a5
22.Ne5f3 a4
 { time }
0-1